Pedagogía de la creatividad y de la lúdica. Emociones, inteligencia y habilidades secretas
Gardado en:
| Autor Principal: | |
|---|---|
| Formato: | Libro |
| Idioma: | Lingua castelá |
| Publicado: |
Bogotá
Magisterio
1998
|
| Edición: | 1a. ed |
| Series: | Mesa redonda, 70
|
| Subjects: | |
| Tags: |
Engadir etiqueta
Sen Etiquetas, Sexa o primeiro en etiquetar este rexistro!
|
MARC
| LEADER | 00000nam a2200000 a 4500 | ||
|---|---|---|---|
| 001 | UCI2810 | ||
| 003 | CL-VaPUC | ||
| 008 | 070928e19980000CK |||||||||||||||||spa|d | ||
| 020 | |a 9582004312 | ||
| 082 | 0 | 4 | |a 370.157 |b JIM |2 21 |
| 100 | |a Jiménez Vélez, Carlos Alberto |e author |9 521636 | ||
| 245 | 1 | 0 | |a Pedagogía de la creatividad y de la lúdica. Emociones, inteligencia y habilidades secretas |
| 250 | |a 1a. ed | ||
| 300 | |a 169 p | ||
| 942 | |c BK | ||
| 945 | |d 20070928 00:00:00 |a rbrito | ||
| 260 | |a Bogotá |b Magisterio |c 1998 | ||
| 650 | 0 | |a Creatividad |9 310816 | |
| 650 | 0 | |a Creación artística |9 266215 | |
| 650 | 0 | |a Inteligencia |9 267038 | |
| 650 | 7 | |a JUEGO-METODO DE ENSEÑANZA |2 CL-VaPUC |9 338389 | |
| 650 | 0 | |a Juegos educativos |9 307366 | |
| 583 | |a last modification |c 20070928 00:00:00 |k Rodrigo Vera | ||
| 490 | 0 | |a Mesa redonda, 70 | |
| 999 | |c 327233 |d 327231 | ||
| 952 | |0 0 |1 0 |4 0 |6 370_157000000000000_JIM_1998 |7 0 |8 A |9 409783 |a BIBEDU |b BIBEDU |d 2019-11-22 |i 4372476 |o 370.157 JIM 1998 |p 4372476 |r 2019-11-22 |w 2019-11-22 |y BK |k EBA | ||
| 952 | |0 0 |1 0 |4 0 |6 370_157000000000000_JIM_1998 |7 0 |8 A |9 409784 |a BIBEDU |b BIBEDU |d 2019-11-22 |i 4378822 |o 370.157 JIM 1998 |p 4378822 |r 2019-11-22 |w 2019-11-22 |y BK |k EPE | ||